Paesaggio del cinema (Il). Dieci studi da Ford a Almodovar (Record n. 92799)

Dettagli MARC
000 -LEADER
fixed length control field 01777nam a2200289Ia 4500
001 - CONTROL NUMBER
control field H1964
003 - CONTROL NUMBER IDENTIFIER
control field IT-RoPAU
008 - FIXED-LENGTH DATA ELEMENTS--GENERAL INFORMATION
fixed length control field 130308s9999 xx 000 0 und d
040 ## - CATALOGING SOURCE
Original cataloging agency IT-RoPAU
040 ## - CATALOGING SOURCE
Transcribing agency IT-RoPAU
041 ## - LANGUAGE CODE
Language code of text/sound track or separate title ITALIANO
100 ## - MAIN ENTRY--PERSONAL NAME
Personal name Arecco Sergio
100 ## - MAIN ENTRY--PERSONAL NAME
Miscellaneous information Codice Aut. SPICS: 9813
245 ## - TITLE STATEMENT
Title Paesaggio del cinema (Il). Dieci studi da Ford a Almodovar
245 ## - TITLE STATEMENT
Remainder of title Paesaggio del Cinema (Il). Dieci Studi da Ford a Almodovar
250 ## - EDITION STATEMENT
Edition statement 1a ed.
260 ## - PUBLICATION, DISTRIBUTION, ETC. (IMPRINT)
Place of publication, distribution, etc. RECCO (GENOVA)
260 ## - PUBLICATION, DISTRIBUTION, ETC. (IMPRINT)
Name of publisher, distributor, etc. Le Mani
260 ## - PUBLICATION, DISTRIBUTION, ETC. (IMPRINT)
Date of publication, distribution, etc. 2002 [1° Ed.:2002 - Ed.Ling.Originale:2002]
300 ## - PHYSICAL DESCRIPTION
Extent "184 p. (prefazione: no ; testo: 184 [pagine: 0-0])"
500 ## - GENERAL NOTE
General note "Dalla mitologia western Alla mitologia Contemporanea. nel passaggio dal Cinema classico al Cinema Postmoderno Non cambia la Logica di una Visione Chee' Sempre Visione di Confini e Sconfinamenti, Contrazione e Dilatazione Dispazi e Orizzonti. costruito Attorno All'Opera di Dieci registi Giudicati Esemplari del Rapporto tra Cinema e Territorio, Il presente Libro Costituisce un importante Contributo All'Analisi di Quel vero e Proprio doppio che è Stato ed è Il ""Paesaggio"". Introduzione: Cinema e Dialettica del Vuoto. Antonioni e L'Orizzonte degli Eventi. Rohmer e I Giochi di Società. Hawks e Il vento Occidentale. Malick e Il gotico Americano. Almodovar e le Regoledi Clausura. Visconti e la patologia della Composizione. I Coen e Il pensiero Debole. Jane Campion e la terra del Presente. Bernardo Bertolucci e L'Ottocento del Novecento. John Ford e L'Età dell'Innocenza. Antonioni e la nostalgia della Metamorfosi. Bibliografia. indice dei Film Studiati."
650 ## - SUBJECT ADDED ENTRY--TOPICAL TERM
Topical term or geographic name as entry element LINGUAGGIO CINEMATOGRAFICO
650 ## - SUBJECT ADDED ENTRY--TOPICAL TERM
Relator term Codice materia Spics: 6804
942 ## - ADDED ENTRY ELEMENTS (KOHA)
Koha item type LIBRO
957 ## -
-- 1
999 ## - SYSTEM CONTROL NUMBERS (KOHA)
-- 1
Dati di copia
Withdrawn status Lost status Damaged status Not for loan Home library Current library Date acquired Total Checkouts Full call number Date last seen Price effective from Koha item type Public note
    Buone Condizioni Not For Loan SPICS-MEDIATECA SPICS-MEDIATECA 08/03/2013   H1964 08/03/2013 08/03/2013 LIBRO Progressivo inserimento: 33168 / N. Volumi: 1 Copie: 1 / data import: 1 marzo 2013 - By Epidotti, Trombetti, Vaglietti.
CREDITS: SOCIETA' SAN PAOLO Via A.Severo, 58 - ROMA (RM) & PERIODICI SAN PAOLO SRL Via Giotto, 36 MILANO & CISF Via Giotto, 36 MILANO & EDIZIONI SAN PAOLO SRL,  Piazza Soncino, 5 CINISELLO BALSAMO (MI) -- ITALY